Library Banner

Business leaders & success (Record no. 33048)

MARC details
000 -LEADER
fixed length control field 00518nam a2200169Ia 4500
001 - CONTROL NUMBER
control field 33452
008 - FIXED-LENGTH DATA ELEMENTS--GENERAL INFORMATION
fixed length control field 140417s9999 xx 000 0 und d
020 ## - INTERNATIONAL STANDARD BOOK NUMBER
International Standard Book Number 0070590230
040 ## - CATALOGING SOURCE
Transcribing agency PK-LaUMT
082 ## - DEWEY DECIMAL CLASSIFICATION NUMBER
Classification number 658.409
Item number BUS-
110 ## - MAIN ENTRY--CORPORATE NAME
Corporate name or jurisdiction name as entry element Introduced by William J. O'Neil
245 ## - TITLE STATEMENT
Title Business leaders & success
Remainder of title 55 top business leaders & how they achieved greatness
Statement of responsibility, etc Introduced by William J. O'Neil
260 ## - PUBLICATION, DISTRIBUTION, ETC. (IMPRINT)
Place of publication, distribution, etc New Delhi,India:
Name of publisher, distributor, etc Tata McGraw-Hill Publishing,
Date of publication, distribution, etc 2005
300 ## - PHYSICAL DESCRIPTION
Extent 239 p.
546 ## - LANGUAGE NOTE
Language note EN
942 ## - ADDED ENTRY ELEMENTS (KOHA)
Koha item type Books
Holdings
Withdrawn status Lost status Damaged status Not for loan Home library Current library Date acquired Total Checkouts Full call number Barcode Date last seen Date checked out Price effective from Koha item type
        UMT Main Campus UMT Main Campus 2014-04-17 3 658.409 BUS- 40244 2026-05-20 2026-05-08 2014-05-03 Books